000 00667nam a2200205 a 4500
005 20210223130726.0
008 081010s1992 mx r 000 0 spa d
035 _aUPN01000163239
049 _aUNE
080 _a373.3 (100)=20 "1992" DRA No.2.
245 0 0 _aDraft instruments for assessing learning achievements :
_bsurvey questionnaires and tests /
_cPaul Pawar...(et al.)
260 _aParis :
_bUNESCO,
_c1992.
300 _a78 p. ;
_bil.
440 0 _aStudies and working documents ;
_v2.
690 _aEnseƱanza primaria- Pruebas de progreso escolar
700 1 _aPawar, Paul, coaut.
710 2 _aUNESCO
710 2 _aUNICEF.
_924085
905 _aUNESCO
999 _c135352
_d135352